000 00814nam a2200265Ia 4500
003 OSt
005 20220925175737.0
006 a|||||r|||| 00| 0
007 ta
008 220923b |||||||| |||| 00| 0 eng d
037 _cGeneral Book
040 _aRTL
_cRTL
_beng
041 _2eng
_aeng
082 _aU7, M2
100 _aBaker Alan R H Ed.
_993558
245 0 _aPeriod and place
_b Research methods in historical Geography
260 _aCambridge
_bCambridge University Press
_c1982
300 _ax,377p.
_ccm.
490 _aCambridge Studies In Historical Geography. 1
500 _aBib p. 363-72
650 _aHistorical Geography
700 _a Billinge Mark Ed.
_9249625
942 _hU7, M2
_cGB
_2CC
999 _c494455
_d494455